LEADER 01049nam0-22003611--450- 001 990003072700403321 005 20070717102420.0 010 $a88-7011-435-X 035 $a000307270 035 $aFED01000307270 035 $a(Aleph)000307270FED01 035 $a000307270 100 $a20030910d1991----km-y0itay50------ba 101 0 $aita 102 $aIT 105 $ay-------001yy 200 1 $aEtica e scienze sociali$eElementi per un dibattito$fa cura di Franco Crespi$gcontributi di Franco Crespi, Alessandro Ferrara, Loredana Sciolla...[et al.]. 210 $aTorino$cRosenberg & Sellier$d1991. 215 $a203 p.$d21 cm 225 1 $aErmeneutica$v9 610 0 $aScienze sociali e etica 676 $a10100 676 $a13300 702 1$aCrespi,$bFranco$f<1930- > 801 0$aIT$bUNINA$gRICA$2UNIMARC 901 $aBK 912 $a990003072700403321 952 $a13300 CRE$b15048$fSES 952 $aSDI-KT 331$b2127$fSDI 959 $aSES 959 $aSDI 996 $aEtica e scienze sociali$9464329 997 $aUNINA LEADER 01099nam0-22003371i-450- 001 990002900230403321 010 $a88-458-0208-6 035 $a000290023 035 $aFED01000290023 035 $a(Aleph)000290023FED01 035 $a000290023 100 $a20000920d1999----km-y0itay50------ba 101 0 $aITA 200 1 $a<>bilanci consuntivi degli enti previdenziali$eanno 1997$fIstituto Nazionale di Statistica 210 $aRoma$cIstat$d1999 215 $a53 p.$d30 cm 225 1 $aInformazioni$fIstat$v16 300 $aIn testa al frontespizio: "Sistema statistico nazionale. Istituto Nazionale di Statistica" 300 $aSettore pubblica amministrazione 610 0 $aItalia$astatistiche finanziarie$a1996 610 0 $aBilanci consuntivi$aenti previdenziali$aItalia$a1996 676 $a352.01 700 1$aIstat$0445627 801 0$aIT$bUNINA$gRICA$2UNIMARC 901 $aBK 912 $a990002900230403321 952 $aCDI-I-16-99-Pos-2$b6918$fMAS 959 $aMAS 996 $aBilanci consuntivi degli enti previdenziali$9466022 997 $aUNINA DB $aING01 LEADER 01281nam a22003495i 4500 001 991002233489707536 007 cr nn 008mamaa 008 121227s1990 de | s |||| 0|eng d 020 $a9783540469063 035 $ab1414203x-39ule_inst 040 $aBibl. Dip.le Aggr. Matematica e Fisica - Sez. Matematica$beng 082 04$a512.7$223 084 $aAMS 14-XX 084 $aAMS 12H 084 $aAMS 14F 245 00$aP-adic analysis$h[e-book] :$bproceedings of the international conference held in Trento, Italy, may 29-June 2, 1989 /$cedited by Francesco Baldassarri, Siegfried Bosch, Bernard Dwork 260 $aBerlin :$bSpringer,$c1990 300 $a1 online resource (v, 382 p.) 440 0$aLecture Notes in Mathematics,$x0075-8434 ;$v1454 650 0$aMathematics 650 0$aGeometry, algebraic 650 0$aNumber theory 700 1 $aBaldassarri, Francesco 700 1 $aBosch, Siegfried 700 1 $aDwork, Bernard 773 0 $aSpringer eBooks 856 40$uhttp://dx.doi.org/10.1007/BFb0091130$zAn electronic book accessible through the World Wide Web 907 $a.b1414203x$b03-03-22$c05-09-13 912 $a991002233489707536 996 $aP-adic analysis$981308 997 $aUNISALENTO 998 $ale013$b05-09-13$cm$d@ $e-$feng$gde $h0$i0 LEADER 01137nam2 2200301 i 450 001 RMG0102252 005 20251003044338.0 010 $a8834824814 020 $aIT$b2003-7726 100 $a20070627d2002 ||||0itac50 ba 101 | $aita 102 $ait 181 1$6z01$ai $bxxxe 182 1$6z01$an 200 1 $aˆ1: ‰Giusto processo italiano e corpus juris europeo$fMaria Bargis 210 $aTorino$cG. Giappichelli$d°2002] 215 $aIX, 234 p.$d24 cm. 461 1$1001RMG0102250$12001 $aStudi di diritto processuale penale$fMarta Bargis$v1 606 $aDiritto processuale penale$xItalia$2FIR$3MILC113580$9E 676 $a345.4505$9PROCEDURA PENALE. ITALIA$v21 700 1$aBargis$b, Marta$3CFIV077131$4070$0226427 801 3$aIT$bIT-000000$c20070627 850 $aIT-BN0095 912 $aRMG0102252 950 2$aBiblioteca Centralizzata di Ateneo$c1 v.$d 01D (C) 00 2220$e 01C 0080022205 VMA 1 v.$fY $h20121031$i20121031 977 $a 01 996 $aGiusto processo italiano e corpus juris europeo$91574582 997 $aUNISANNIO